00951nam a2200265 i 450000100060000000300090000600500170001500700030003200800410003502000180007608000200009410000310011424501410014526000420028630000220032849000240035050000150037450400340038965100390042370000300046283000320049285200220052499900170054695201220056313404ES-MaACL20230906150552.0t|980226s1997 sp |||| | spa d a84-239-9837-1 a802/809(4)(091)1 aWalter, Henriette.913933313aLa aventura de las lenguas en Occidente b: su origen, su historia y su geografía / cHenriette Walter ; prefacio de André Martinet. aMadrid : bEspasa-Calpe, cD.L. 1997. a531 p. ; c22 cm.1 aEspasa de la lengua aÍndices. aBibliografía: p. [457]-492. 4aEuropa-xLenguas-vHistoria.986191 aMartinet, André.9777040 aEspasa de la lengua9228408 aES-MaACLjL-20716 c13404d13404 00104070aATENEOMbATENEOMcDEPO2d2008-01-17eSCl0oL-20716p1013647r2023-02-23 00:00:00w2023-02-23yMONOGRAFIA